[Event "VEN-ch U14 Girls 3rd"]
[Site "San Antonio"]
[Date "2016.04.04"]
[Round "7.4"]
[White "Ramirez Vergara, Jemmily"]
[Black "Castro Paitan, Maria Raquel"]
[Result "1-0"]
[WhiteElo "1609"]
[BlackElo "1577"]
[PlyCount "33"]
[EventDate "2016.04.01"]
[EventType "swiss"]
[EventRounds "7"]
[EventCountry "VEN"]
[SourceTitle "EXT 2022"]
[Source "ChessBase"]
[SourceDate "2021.10.06"]
[SourceVersion "1"]
[SourceVersionDate "2021.10.06"]
[SourceQuality "1"]

1. e4 e6 2. d4 d5 3. exd5 exd5 4. Bd3 Bd6 5. Ne2 Ne7 6. Bf4 0-0 7. Nd2 Bg4 8. Nf3 Bxf3 9. gxf3 Bxf4 10. Nxf4 c6 11. Qd2 Nd7 12. 0-0-0 b5 13. Rdg1 Re8 14. Rxg7+ Kf8 15. Rxh7 Nf6 16. Ne6+ Kg8 17. Rg7+ 1-0